00652 2200181 4500245003200000020001800032250001100050100001500061700001000076650001700086005001900103260003000122041001400152084000800166300002700174500026000201336000900461 aSuperdivacErichologyhText a979-780-027-X aCet. 1 aErichology aNisha aNovel Remaja a20240228140515 aJakartabGagasMediac2006 aIndonesia a813 aiv, 210 hlm. :c19 cm. aHidup Attaya begitu beruntung. Satu demi satu mimpinya menjadi kenyataan. Status wartawan dalam genggaman, model sebuah produk ternama bukan lagi sebuah angan, dan beberapa posisi penting di perusahaan multinasional memperpanjang daftar prestasi karirnya. atext